<?xml version="1.0" encoding="UTF-8"?>
<record
    xmlns:xsi="http://www.w3.org/2001/XMLSchema-instance"
    xsi:schemaLocation="http://www.loc.gov/MARC21/slim http://www.loc.gov/standards/marcxml/schema/MARC21slim.xsd"
    xmlns="http://www.loc.gov/MARC21/slim">

  <leader>01266nam a22002177a 4500</leader>
  <datafield tag="999" ind1=" " ind2=" ">
    <subfield code="c">95649</subfield>
    <subfield code="d">95649</subfield>
  </datafield>
  <controlfield tag="003">NALT</controlfield>
  <controlfield tag="005">20210714074707.0</controlfield>
  <controlfield tag="008">190123b        th ||||| ||||o00| 0 tha d</controlfield>
  <datafield tag="040" ind1=" " ind2=" ">
    <subfield code="a">NALT</subfield>
  </datafield>
  <datafield tag="086" ind1=" " ind2=" ">
    <subfield code="a">&#xE2A;&#xE1A; 02 1.1 2560</subfield>
  </datafield>
  <datafield tag="110" ind1="2" ind2=" ">
    <subfield code="a">&#xE2A;&#xE16;&#xE32;&#xE1A;&#xE31;&#xE19;&#xE1E;&#xE23;&#xE30;&#xE1B;&#xE01;&#xE40;&#xE01;&#xE25;&#xE49;&#xE32;</subfield>
    <subfield code="9">2339</subfield>
  </datafield>
  <datafield tag="245" ind1="1" ind2="0">
    <subfield code="a">&#xE23;&#xE32;&#xE22;&#xE07;&#xE32;&#xE19;&#xE1B;&#xE23;&#xE30;&#xE08;&#xE33;&#xE1B;&#xE35; 2560 &#xE2A;&#xE16;&#xE32;&#xE1A;&#xE31;&#xE19;&#xE1E;&#xE23;&#xE30;&#xE1B;&#xE01;&#xE40;&#xE01;&#xE25;&#xE49;&#xE32; =</subfield>
    <subfield code="b">Annual report 2017 King Prajadhipok's Institute /</subfield>
    <subfield code="c">&#xE2A;&#xE16;&#xE32;&#xE1A;&#xE31;&#xE19;&#xE1E;&#xE23;&#xE30;&#xE1B;&#xE01;&#xE40;&#xE01;&#xE25;&#xE49;&#xE32;.</subfield>
  </datafield>
  <datafield tag="246" ind1="1" ind2="4">
    <subfield code="a">&#xE2A;&#xE16;&#xE32;&#xE1A;&#xE31;&#xE19;&#xE27;&#xE34;&#xE0A;&#xE32;&#xE01;&#xE32;&#xE23;&#xE0A;&#xE31;&#xE49;&#xE19;&#xE19;&#xE33;&#xE14;&#xE49;&#xE32;&#xE19;&#xE01;&#xE32;&#xE23;&#xE1E;&#xE31;&#xE12;&#xE19;&#xE32;&#xE1B;&#xE23;&#xE30;&#xE0A;&#xE32;&#xE18;&#xE34;&#xE1B;&#xE44;&#xE15;&#xE22; &#xE18;&#xE23;&#xE23;&#xE21;&#xE32;&#xE20;&#xE34;&#xE1A;&#xE32;&#xE25; &#xE41;&#xE25;&#xE30;&#xE2A;&#xE31;&#xE19;&#xE15;&#xE34;&#xE27;&#xE34;&#xE18;&#xE35; &#xE40;&#xE1E;&#xE37;&#xE48;&#xE2D;&#xE1B;&#xE23;&#xE30;&#xE42;&#xE22;&#xE0A;&#xE19;&#xE4C;&#xE2A;&#xE48;&#xE27;&#xE19;&#xE23;&#xE27;&#xE21;.</subfield>
  </datafield>
  <datafield tag="260" ind1=" " ind2=" ">
    <subfield code="a">&#xE01;&#xE23;&#xE38;&#xE07;&#xE40;&#xE17;&#xE1E;&#xE2F; :</subfield>
    <subfield code="b">&#xE2A;&#xE16;&#xE32;&#xE1A;&#xE31;&#xE19;&#xE1E;&#xE23;&#xE30;&#xE1B;&#xE01;&#xE40;&#xE01;&#xE25;&#xE49;&#xE32;,</subfield>
    <subfield code="c">&#xE21;.&#xE1B;.&#xE1B;.</subfield>
  </datafield>
  <datafield tag="300" ind1=" " ind2=" ">
    <subfield code="a">214 &#xE2B;&#xE19;&#xE49;&#xE32; :</subfield>
    <subfield code="b">&#xE20;&#xE32;&#xE1E;&#xE1B;&#xE23;&#xE30;&#xE01;&#xE2D;&#xE1A;, &#xE41;&#xE1C;&#xE19;&#xE20;&#xE39;&#xE21;&#xE34; ;</subfield>
    <subfield code="c">24 &#xE0B;&#xE21;.</subfield>
  </datafield>
  <datafield tag="610" ind1="2" ind2="4">
    <subfield code="9">36794</subfield>
    <subfield code="a">&#xE2A;&#xE16;&#xE32;&#xE1A;&#xE31;&#xE19;&#xE1E;&#xE23;&#xE30;&#xE1B;&#xE01;&#xE40;&#xE01;&#xE25;&#xE49;&#xE32;</subfield>
    <subfield code="x">&#xE23;&#xE32;&#xE22;&#xE07;&#xE32;&#xE19;&#xE1B;&#xE23;&#xE30;&#xE08;&#xE33;&#xE1B;&#xE35; </subfield>
    <subfield code="y">2560 </subfield>
  </datafield>
  <datafield tag="850" ind1=" " ind2=" ">
    <subfield code="a">NALT</subfield>
  </datafield>
  <datafield tag="942" ind1=" " ind2=" ">
    <subfield code="c">GOV</subfield>
    <subfield code="2">local</subfield>
  </datafield>
  <datafield tag="998" ind1=" " ind2=" ">
    <subfield code="a">bijaya</subfield>
    <subfield code="c">DAO</subfield>
    <subfield code="j"></subfield>
    <subfield code="k">CRON CRON</subfield>
  </datafield>
  <datafield tag="952" ind1=" " ind2=" ">
    <subfield code="0">0</subfield>
    <subfield code="1">0</subfield>
    <subfield code="2">local</subfield>
    <subfield code="4">0</subfield>
    <subfield code="7">0</subfield>
    <subfield code="8">CGOV</subfield>
    <subfield code="a">NALT</subfield>
    <subfield code="b">NALT</subfield>
    <subfield code="d">2019-01-23</subfield>
    <subfield code="l">0</subfield>
    <subfield code="o">&#xE2A;&#xE1A; 02 1.1 2560</subfield>
    <subfield code="p">3961209075</subfield>
    <subfield code="r">2019-02-08 00:00:00</subfield>
    <subfield code="w">2019-01-23</subfield>
    <subfield code="y">GOV</subfield>
  </datafield>
</record>
